000 01255nam a2200337 i 4500
003 EG-GICUC
005 20260327173100.0
008 260117s2004 ua |||fr|||| 00| 0 ara d
017 _a15982/2004
040 _a EG-GICUC
_bara
_c EG-GICUC
_d EG-GICUC
_erda
041 0 _aAra
082 0 4 _221
_a343.72
_bم د . ح
092 0 4 _221
099 _aLaw1 10 343.72 م د . ح 2004
100 0 _aمدحت محمد عبدالعزيز إبراهيم
_eمؤلف.
245 1 0 _aحقوق الإنسان فى مرحلة التنفيذ العقابى /
_cتأليف دكتور مدحت محمد عبدالعزيز إبراهيم.
250 _aالطبعة الأولى
264 1 _aالقاهرة :
_bدار النهضة العربية،
_c2004.
300 _a194 صفحة؛
_c24 سم.
336 _2rda content
_atext
337 _2rda media
_aComputer
338 _2rda carrier
_aOnline Resource
504 _aببليوجرافيا: صفحات179-186.
546 _aالنص باللغة العربية
650 1 _aتنفيذ العقوبات
_2qrmak
650 1 _aالقانون الجنائى
_2qrmak
651 1 _2qrmak
856 4 0 _uhttps://fll.law.cu.edu.eg/fulltext/bks/B10-07910.pdf
905 _a54
_eYara
942 _2ddc
_cBK
_e21
_n0
999 _c57353
_d57353